[Event "17th Caspian Cup-Masters 2019"]
[Site "Anzali"]
[Date "2019.02.12"]
[Round "1.1"]
[White "Korevand, Sina"]
[Black "Grigoryan, Karen H."]
[Result "0-1"]
[WhiteElo "2164"]
[BlackElo "2590"]
[Annotator "TA"]
[PlyCount "52"]
[EventDate "2019.02.12"]
[EventType "swiss"]
[EventRounds "9"]
[EventCountry "IRI"]
[SourceTitle "playchess.com"]
[Source "ChessBase"]
[SourceQuality "1"]

{[%evp 18,52,0,-34,13,-39,-37,-86,-74,-86,-91,-94,-59,-84,-102,-138,-91,-126,-94,-129,-132,-130,-120,-183,-175,-178,-168,-184,-166,-214,-172,-277,-187,-208,-204,-193,-208]} 1. d4 Nf6 2. Nf3 g6 3. g3 Bg7 4. Bg2 O-O 5. O-O d6 6. b3 Nc6 7. Bb2 e5 8. c4 e4 9. Ne1 Re8 10. Nc3 e3 {E60: King's Indian: Unusual lines and Fianchetto Variation without Nc3} (10... h5 11. Nc2 h4 12. Qd2 Bf5 13. Ne3 Qd7 14. Rad1 Bh3 15. Rfe1 Bxg2 16. Nxg2 hxg3 17. hxg3 e3 18. Nxe3 {1-0 (46) Le,Q (2703)-Vachier Lagrave,M (2745) Beijing 2013}) 11. f3 $146 ({White should play} 11. fxe3 $11 Bf5 12. Nd5) ({Predecessor:} 11. fxe3 Ng4 12. Nc2 a5 13. Nd5 Nb4 14. Ndxb4 axb4 15. Qd2 Qg5 16. Rf4 Qh5 17. h3 Nf6 18. Nxb4 {0-1 (35) Small,G (2180)-Shaked,T (2385) Los Angeles 1995}) 11... d5 $1 $15 12. c5 h5 {Black is better.} 13. a3 {[#]} h4 $1 {[%mdl 512] And now ...hxg3 would win.} 14. g4 (14. gxh4 Be6) 14... b6 15. Na4 Nh7 16. Nc2 f5 17. h3 f4 18. b4 Ba6 19. Bc3 Nf8 20. Rb1 (20. Nb2 $17) 20... Bb5 $19 21. Nb2 {[#]} bxc5 $1 22. a4 Bc4 23. bxc5 Ne6 24. Nd3 (24. Nxc4 $142 dxc4 25. Qc1) 24... g5 ({Weaker is} 24... Ncxd4 25. Nxd4 Bxd4 26. Bxd4 $17) ({Less strong is} 24... Nexd4 25. Bxd4 Bxd4 26. Nxf4 $17) 25. Ndb4 Nxb4 26. Rxb4 {[#]} Nxc5 $1 {[%mdl 512] Accuracy: White = 41%, Black = 79%.} 0-1

[Event "17th Caspian Cup-Masters 2019"]
[Site "Anzali"]
[Date "2019.02.12"]
[Round "1.2"]
[White "Bernadskiy, Vitaliy"]
[Black "Abedi, Ali"]
[Result "1-0"]
[WhiteElo "2570"]
[BlackElo "2163"]
[Annotator "TA"]
[PlyCount "71"]
[EventDate "2019.02.12"]
[EventType "swiss"]
[EventRounds "9"]
[EventCountry "IRI"]
[SourceTitle "playchess.com"]
[Source "ChessBase"]
[SourceQuality "1"]

{[%evp 9,71,18,22,-12,13,11,18,18,18,22,28,23,29,29,29,29,29,27,23,28,29,29,29,19,29,29,33,29,127,116,362,358,343,292,344,321,361,320,430,428,445,439,410,302,501,393,577,569,802,802,812,804,801,718,769,703,885,813,1043,1056,1024,959,969,846]} 1. e4 c5 2. Nf3 d6 3. Bb5+ Bd7 4. Bxd7+ Qxd7 5. O-O Nc6 6. Qe2 {B52: Sicilian: Moscow Variation with 3...Bd7} (6. c3 Nf6 7. d4 cxd4 8. cxd4 d5 9. e5 Ng8 10. Nc3 e6 11. Ne2 Nge7 12. Ng3 h6 13. Nh5 Nf5 14. Bf4 O-O-O 15. Rc1 Kb8 16. Qd3 g5 17. Bd2 Qc7 18. g4 {1-0 (54) Nakamura,H (2746)-Adly,A (2626) St Petersburg 2018}) 6... e6 7. Rd1 Nf6 8. d4 {The position is equal.} cxd4 9. Nxd4 Be7 10. c4 a6 11. Nc3 Rc8 12. Be3 O-O 13. Rac1 Rfe8 $146 ({Predecessor:} 13... Rfd8 14. b3 Nxd4 15. Bxd4 Qc6 16. f3 Ne8 17. a4 a5 18. Nb5 Ra8 19. Qf2 Bg5 {0-1 (53) Merry,A (2422)-Hunt,H (2440) England 2017}) 14. b3 Nxd4 15. Bxd4 Qc6 16. f3 Nd7 17. Be3 Red8 18. Kh1 Bf6 {[#]} (18... Qc7 $11) 19. Nb5 $1 $16 {[%mdl 512]} axb5 $2 (19... Rb8 $16 {is a better defense.}) 20. cxb5 $18 {[%mdl 64] Trapped Piece} Qxc1 21. Rxc1 ({Don't take} 21. Bxc1 Nc5 $18) 21... Rxc1+ 22. Bxc1 d5 23. h3 dxe4 24. Qxe4 Nc5 25. Qc2 Nd3 26. Be3 {Black must now prevent Bb6.} h5 $2 (26... Nb4 27. Qc5 Nd5) 27. a4 h4 (27... Nb4 $142 28. Qc1 Nd5) 28. a5 {White is clearly winning.} Be5 29. a6 bxa6 30. bxa6 Nb4 31. Qe2 Nxa6 32. f4 Bf6 33. Qxa6 Rd1+ 34. Kh2 g5 35. Qe2 Rb1 36. Qd3 {Accuracy: White = 87%, Black = 36%.} 1-0

[Event "17th Caspian Cup-Masters 2019"]
[Site "Anzali"]
[Date "2019.02.12"]
[Round "1.3"]
[White "Pilvaieh, Ali"]
[Black "Mosadeghpour, Masoud"]
[Result "0-1"]
[WhiteElo "2156"]
[BlackElo "2531"]
[Annotator "RC"]
[PlyCount "102"]
[EventDate "2019.02.12"]
[EventType "swiss"]
[EventRounds "9"]
[EventCountry "IRI"]
[SourceTitle "playchess.com"]
[Source "ChessBase"]
[SourceQuality "1"]
[TimeControl "5400+30"]

1. d4 {[%emt 0:00:00]} d5 {[%emt 0:00:00]} 2. Bf4 {[%emt 0:00:00]} c5 {[%emt 0:00:00]} 3. e3 {[%emt 0:00:00]} Nc6 {[%emt 0:00:00]} 4. c3 {[%emt 0:00:06]} Bf5 {[%emt 0:00:45]} 5. Nd2 {[%emt 0:00:29]} cxd4 {[%emt 0:00:21]} 6. exd4 {[%emt 0:00:09]} e6 {[%emt 0:00:02]} 7. Ngf3 {[%emt 0:00:28]} Bd6 {[%emt 0:00:21]} 8. Bxd6 {[%emt 0:05:23]} Qxd6 {[%emt 0:00:02]} 9. Nh4 {[%emt 0:10:08]} Nge7 {[%emt 0:00:15]} 10. Nxf5 {[%emt 0:00:51]} Nxf5 {[%emt 0:00:02]} 11. Bd3 {[%emt 0:00:25]} Nfe7 {[%emt 0:00:03]} 12. O-O {[%emt 0:00:50]} O-O {[%emt 0:00:02]} 13. Re1 {[%emt 0:04:28]} a6 {[%emt 0:00:04]} 14. a4 {[%emt 0:02:25]} Rae8 {[%emt 0:00:06]} 15. Qh5 {[%emt 0:02:48]} g6 {[%emt 0:10:50]} 16. Qh3 {[%emt 0:11:46]} e5 {[%emt 0:03:25]} 17. dxe5 {[%emt 0:00:07]} Nxe5 {[%emt 0:00:02]} 18. Rad1 {[%emt 0:01:34]} N7c6 {[%emt 0:00:35]} 19. Nb3 {[%emt 0:05:55]} Nc4 {[%emt 0:01:18]} 20. Bxc4 {[%emt 0:08:33]} Rxe1+ {[%emt 0:01:44]} 21. Rxe1 {[%emt 0:00:05]} dxc4 {[%emt 0:00:02]} 22. Nc1 {[%emt 0:02:24]} Qd2 {[%emt 0:01:14]} 23. Qe3 {[%emt 0:00:02]} Qxb2 {[%emt 0:00:42]} 24. Ne2 {[%emt 0:00:15]} Rd8 {[%emt 0:00:20]} 25. Nf4 {[%emt 0:01:15]} Qd2 {[%emt 0:01:12]} 26. Qxd2 {[%emt 0:02:52]} Rxd2 {[%emt 0:00:05]} 27. h4 {[%emt 0:01:39]} Kf8 {[%emt 0:06:22]} 28. Rb1 {[%emt 0:01:55]} Na5 {[%emt 0:00:57]} 29. Rb6 {[%emt 0:04:19]} Rd1+ {[%emt 0:01:11]} 30. Kh2 {[%emt 0:00:08]} Ke7 {[%emt 0:00:08]} 31. g4 {[%emt 0:00:30]} Rd6 {[%emt 0:01:09]} 32. Rb4 {[%emt 0:02:46]} Kd7 {[%emt 0:00:10]} 33. h5 {[%emt 0:03:12]} Kc6 {[%emt 0:00:45]} 34. g5 {[%emt 0:01:34]} gxh5 {[%emt 0:00:18]} 35. Kg3 {[%emt 0:00:31]} h6 {[%emt 0:00:31]} 36. gxh6 {[%emt 0:00:47]} Rxh6 {[%emt 0:00:01]} 37. Kh4 {[%emt 0:00:36]} b5 {[%emt 0:00:33]} 38. axb5+ {[%emt 0:00:07]} axb5 {[%emt 0:00:01]} 39. Rb2 {[%emt 0:00:17]} Nb3 {[%emt 0:00:39]} 40. Nxh5 {[%emt 0:01:00]} b4 {[%emt 0:01:28]} 41. cxb4 {[%emt 0:00:39]} Kb5 {[%emt 0:00:01]} 42. Kg5 {[%emt 0:01:11]} Rg6+ {[%emt 0:00:34]} 43. Kf4 {[%emt 0:00:16]} Kxb4 {[%emt 0:00:11]} 44. Ke4 {[%emt 0:01:54]} c3 {[%emt 0:01:33]} 45. Rc2 {[%emt 0:01:54]} Nc5+ {[%emt 0:00:26]} 46. Kf5 {[%emt 0:02:25]} Kb3 {[%emt 0:01:05]} 47. Rc1 {[%emt 0:00:05]} Nd3 {[%emt 0:00:55]} 48. Rb1+ {[%emt 0:00:22]} Ka2 {[%emt 0:00:22]} 49. Rb7 {[%emt 0:01:27]} c2 {[%emt 0:00:27]} 50. Ra7+ {[%emt 0:00:20]} Kb3 {[%emt 0:00:36]} 51. Rb7+ {[%emt 0:00:28]} Nb4 {[%emt 0:01:42]} 0-1

[Event "17th Caspian Cup-Masters 2019"]
[Site "Anzali"]
[Date "2019.02.12"]
[Round "1.4"]
[White "Malakhatko, Vadim"]
[Black "Yeritsyan, Hayk"]
[Result "1-0"]
[WhiteElo "2525"]
[BlackElo "2152"]
[Annotator "TA"]
[PlyCount "85"]
[EventDate "2019.02.12"]
[EventType "swiss"]
[EventRounds "9"]
[EventCountry "IRI"]
[SourceTitle "playchess.com"]
[Source "ChessBase"]
[SourceQuality "1"]

{[%evp 19,85,0,0,0,0,0,-6,-6,-2,-8,-6,-17,0,-51,39,43,39,-58,0,0,0,0,72,65,46,61,79,82,195,177,166,140,149,149,389,372,389,367,379,395,364,412,403,409,409,359,409,388,407,377,402,379,475,379,573,530,750,691,943,901,966,941,29980,29981,29980,29981,29981,29982]} 1. c4 e6 2. g3 Nf6 3. Bg2 d5 4. Nf3 Be7 5. O-O O-O 6. d4 dxc4 7. Ne5 Nc6 8. Nxc6 bxc6 9. Na3 Bxa3 10. bxa3 Ba6 11. Qd2 {E05: Open Catalan: 5 Nf3 Be7} Rb8 12. Qa5 Qc8 13. a4 {The position is equal.} Rd8 14. Ba3 Rxd4 15. Bc5 {[#]} Rd5 $1 16. Rfb1 (16. Rab1 $11 Ra8 17. Rfd1 (17. Bxd5 cxd5 18. f3 Nd7 $15)) (16. Bxd5 cxd5) 16... Rb6 (16... Ra8 $1 $15) 17. Bxd5 $14 {[#]} cxd5 $146 ({Predecessor:} 17... exd5 18. Bd4 Ne4 {1-0 (40) Marin,M (2549)-Vajda,L (2597) Medias 2016}) 18. Qe1 ({Better is} 18. Bxb6 $14 cxb6 19. Qc3) 18... Nd7 (18... Rxb1 $15 19. Rxb1 c6) 19. Bxb6 $11 axb6 20. a5 b5 (20... bxa5 $11 {remains equal.} 21. e3 (21. Qxa5 c5 $11) 21... c5) 21. a4 $16 c6 22. Rb4 Qc7 23. Qb1 {[%cal Ra4b5]} Qe5 (23... bxa4 $16 {is a better defense.} 24. Rbxa4 (24. Raxa4 h6 $16) 24... c5) 24. axb5 cxb5 25. Qb2 Qxb2 26. Rxb2 d4 $2 (26... Kf8 $16) 27. Rab1 $18 c3 {[#]} 28. Rb4 $1 {[%cal Rb4d4]} e5 29. Kf1 Kf8 30. Ke1 Ke7 31. Kd1 Kd6 {White should prevent ...Kc5.} 32. Rxb5 Bxb5 33. Rxb5 {[%mdl 4096] Endgame KR-KN} Kc6 34. Rb4 Nc5 35. g4 Kd5 36. f3 f6 (36... Kc6 {might work better.} 37. f4 exf4 38. Rxd4 f3) 37. Rb6 Na4 38. Rb7 Kc6 39. Rxg7 Kb5 40. Rxh7 Kxa5 41. Ra7+ {White mates.} Kb4 {[#]} 42. Rxa4+ $1 {[%mdl 512]} Kxa4 43. Kc2 {Accuracy: White = 84%, Black = 33%.} 1-0

[Event "17th Caspian Cup-Masters 2019"]
[Site "Anzali"]
[Date "2019.02.12"]
[Round "1.5"]
[White "Torkamannejad, Javad"]
[Black "Mousavi, Seyed Khalil"]
[Result "1/2-1/2"]
[WhiteElo "2143"]
[BlackElo "2485"]
[Annotator "TA"]
[PlyCount "63"]
[EventDate "2019.02.12"]
[EventType "swiss"]
[EventRounds "9"]
[EventCountry "IRI"]
[SourceTitle "playchess.com"]
[Source "ChessBase"]
[SourceQuality "1"]

{[%evp 22,63,8,0,0,0,25,21,33,0,14,0,0,0,53,64,75,77,70,59,48,37,56,0,0,0,0,0,9,0,12,8,233,231,398,385,626,-2,-1,-5,0,-13,611,-10]} 1. e4 e6 2. d4 d5 3. exd5 exd5 4. Nf3 Nc6 5. Bb5 Bd6 6. c4 dxc4 7. d5 a6 8. Ba4 b5 9. dxc6 bxa4 10. O-O Ne7 11. Nbd2 O-O 12. Qxa4 Rb8 {C01: French: Exchange Variation} 13. a3 Rb5 (13... c3 14. bxc3 Qe8 15. Nd4 Bb7 16. Re1 Bxc6 17. Qxa6 Ba8 18. Ne4 Be5 19. Qd3 Qd7 20. Ng5 {1-0 (32) Gelfand,B (2673)-Alekseev,E (2639) St Petersburg 2018}) 14. Nxc4 Nxc6 {[#]The position is equal.} 15. Bg5 $1 {[%mdl 512]} Qd7 (15... Rxg5 16. Nxg5) 16. Rad1 Qg4 17. h3 {[#]} Qe4 ({Better is} 17... Qxf3 $1 $11 {[%mdl 512]} 18. gxf3 Rxg5+ 19. Kh1 Bxh3) 18. Rfe1 $14 Qg6 19. Nxd6 cxd6 20. Bf4 $146 ({Predecessor:} 20. Qf4) 20... d5 21. Bg3 $36 {[%mdl 2048] White is more active.} Bb7 22. Nd4 ({White should play} 22. Rd2 $14) 22... Rxb2 $11 23. Rc1 {[%cal Rd4c6]} Nxd4 24. Qxd4 Rb3 25. Rc7 h6 26. Kh2 Qb6 $2 {[#]} (26... Bc8 $11) 27. Qg4 $1 $18 h5 $2 ({Not} 27... Rxa3 $2 28. Qd7 $18) (27... Rxg3 {keeps fighting.} 28. Qxg3 Bc8) 28. Qd7 Qb5 $2 (28... Qf6 29. Rxb7 Rxb7 30. Qxb7 h4) 29. Bd6 $2 ({White must play} 29. Qe7 $18 Rxg3 30. fxg3) 29... Qxd7 $11 30. Rxd7 Bc8 31. Rc7 Bb7 $2 {[%mdl 8192]} (31... Rd8 $11) 32. Bg3 $2 {Accuracy: White = 47%, Black = 29%.} (32. Bxf8 $18 d4 33. Re8) 1/2-1/2

[Event "17th Caspian Cup-Masters 2019"]
[Site "Anzali"]
[Date "2019.02.12"]
[Round "1.6"]
[White "Tahbaz, Arash"]
[Black "Rostami, Rouzbeh"]
[Result "1-0"]
[WhiteElo "2484"]
[BlackElo "2131"]
[Annotator "TA"]
[PlyCount "105"]
[EventDate "2019.02.12"]
[EventType "swiss"]
[EventRounds "9"]
[EventCountry "IRI"]
[SourceTitle "playchess.com"]
[Source "ChessBase"]
[SourceQuality "1"]

{[%evp 18,105,156,150,209,228,288,200,190,193,357,194,192,181,173,183,175,179,185,172,168,117,141,93,109,107,91,110,109,78,107,51,51,48,56,56,56,60,77,0,0,0,0,0,6,0,0,0,0,-7,11,0,0,0,0,0,0,0,0,0,0,0,0,0,0,0,153,147,122,18,256,8,8,8,27,10,4532,1214,29965,29971,29974,29971,29964,29964,29973,29970,29973,29973,29979,29978]} 1. e4 c5 2. Nc3 Nc6 3. Nge2 g6 4. d4 cxd4 5. Nxd4 Nf6 6. Nxc6 bxc6 7. e5 {[%cal Be4e5,Be5e6][%mdl 32]} Nd5 8. Nxd5 {B34: Sicilian: Accelerated Dragon with 5 Nc3: sidelines} cxd5 9. Qxd5 Rb8 10. e6 $1 {[%csl Gd5][%cal Re6f7] LiveBook: 4 Games. White is clearly better.} ({Don't take} 10. Bc4 e6 $16) 10... f6 (10... Bg7 $16) 11. Bf4 $18 Rb4 (11... Rb6 12. O-O-O Rxe6 13. Bb5 Kf7 14. Bc4 Bg7 15. Qc5 Qb6 16. Qxb6 axb6 17. a4 f5 18. Rhe1 Kf6 19. Bxe6 dxe6 20. Bc7 Bb7 21. f3 e5 {1-0 (21) Korneev,O (2506)-Guerreiro,N (2050) Maia 2018}) 12. Rd1 Rxf4 13. Bb5 $1 Re4+ $146 (13... Qa5+ $2 14. Kf1 $18) (13... Bh6 14. exd7+ Bxd7 15. Bxd7+ Kf8) ({Predecessor:} 13... Bh6 14. exd7+ Bxd7 15. Bxd7+ Kf8 {1-0 (26) Souza,A-Gonzalez,B (2320) Curitiba 1993}) 14. Qxe4 (14. Kf1 $142 Rxe6 15. Qxe6) 14... Qa5+ 15. c3 Qxb5 16. Qa8 {[%cal Ra8c8]} Qe5+ 17. Kf1 {[%cal Ra8c8]} Qb5+ 18. Kg1 {[%cal Ra8c8]} dxe6 19. Qxc8+ Kf7 20. b3 Qe2 {[%cal Re2d1]} 21. Qd7 Qxa2 22. b4 Bh6 23. g3 Qc4 24. Rd3 (24. Qxa7 $16 {Rd7 is the strong threat.} Qxc3 25. Qb7) 24... Rc8 $14 25. h4 Rc7 26. Qd4 Qxd4 27. cxd4 {[%mdl 4096] Endgame KRR-KRB} Rc4 28. Rb3 ({White should play} 28. b5 $16) 28... Rxd4 29. Kg2 Bd2 30. Rhb1 e5 31. Kf3 a5 32. b5 {Hoping for Rd1.} Bb4 33. b6 Rd6 34. Rxb4 axb4 35. Rxb4 $11 {KR-KR} Rd8 $1 36. b7 Rb8 37. Ke4 {Strongly threatening Kd5.} Ke6 38. Rb6+ Kd7 39. Kd5 Kc7 40. Rc6+ Kd7 41. Rb6 h6 $2 (41... Kc7 $11 42. Rb5 Rxb7 43. Rxb7+ Kxb7) 42. Rb1 h5 43. Rb2 (43. Rb4 $1 $16) 43... g5 $2 {[#]} ({Don't blunder} 43... Kc7 $2 44. Ke6 $18) (43... e4 $1 $11 {and Black is okay.}) 44. hxg5 $2 (44. g4 $1 $18 {[%mdl 512]}) 44... fxg5 45. Kxe5 {aiming for Kf5.} h4 46. Kf5 hxg3 $2 {[%mdl 8192]} (46... Kc6 $11) 47. fxg3 $18 Kc7 48. Ke6 {White mates.} Kd8 49. Rd2+ Kc7 50. Rc2+ Kb6 51. Rb2+ Kc5 52. Kxe7 Kd4 53. Kd7 {Precision: White = 56%, Black = 49%.} 1-0

[Event "17th Caspian Cup-Masters 2019"]
[Site "Anzali"]
[Date "2019.02.12"]
[Round "1.7"]
[White "Baradaran Tamadon, Arian"]
[Black "Mirzoev, Azer"]
[Result "0-1"]
[WhiteElo "2129"]
[BlackElo "2483"]
[Annotator "TA"]
[PlyCount "152"]
[EventDate "2019.02.12"]
[EventType "swiss"]
[EventRounds "9"]
[EventCountry "IRI"]
[SourceTitle "playchess.com"]
[Source "ChessBase"]
[SourceQuality "1"]

{[%evp 11,152,12,10,15,20,10,12,18,21,15,30,0,0,-33,0,0,0,-28,-27,-17,0,-20,-23,-27,-16,-22,-30,-29,11,4,15,0,7,0,23,0,66,55,68,66,65,72,69,43,29,0,8,1,37,0,0,0,0,-4,-10,-16,0,-6,0,0,18,35,113,124,36,0,-6,-10,-10,-10,0,-60,-63,-79,-91,-206,-218,-202,-118,-118,-100,-100,-97,-258,-267,-228,-246,-329,-328,-386,-380,-526,-530,-534,-523,-715,-698,-870,-881,-805,-883,-868,-832,-858,-885,-826,-825,-2940,-2169,-4702,-3021,-29980,-29981,-29984,-29985,-29985,-29984,-29984,-29985,-29984,-29985,-29985,-29965,-29965,-29966,-29963,-29967,-29977,-29976,-29976,-29970,-29971,-29965,-29969,-29965,-29986,-29987,-29987,-29988,-29989,-29990,-29990,-5089]} 1. e4 Nc6 2. Nf3 e6 3. d4 d5 4. exd5 exd5 5. Bb5 Bd6 6. O-O Nge7 {LiveBook: 56 Games} 7. c3 {C01: French: Exchange Variation} (7. Re1 O-O 8. h3 Bf5 9. c3 Qd7 10. Ne5 Bxe5 11. Rxe5 a6 12. Bxc6 Nxc6 13. Re1 Rae8 14. Rxe8 Rxe8 {½-½ (23) Safarli,E (2622)-Mamedyarov,S (2765) Baku 2011}) 7... Bg4 8. Nbd2 O-O 9. Re1 {The position is equal.} a6 10. Bd3 h6 $146 ({Predecessor:} 10... Qd7 11. Nf1 Bf5 12. Ne3 Bxd3 13. Qxd3 Rae8 14. Bd2 Nd8 {0-1 (56) Weinitschke,G (2461)-Chytilek,R (2384) ICCF corr 1999}) 11. Qc2 Qd7 12. a4 Rfe8 (12... Ng6 $5) 13. b3 Bf5 14. Bb2 Bxd3 15. Qxd3 Ng6 16. g3 Qg4 17. Kh1 h5 18. Nf1 h4 19. N3d2 Na5 20. Ne3 Qh5 21. Qf5 Qh6 {Strongly threatening ...hxg3.} 22. Kg2 Rad8 23. Rad1 Nc6 (23... hxg3 $11 24. hxg3 Bxg3 $1 {[%mdl 512]} 25. Kxg3 Qh4+ 26. Kf3 Re6) 24. Nf3 $14 Nce7 25. Qg4 hxg3 26. hxg3 {Threatens to win with Rh1.} Nf8 27. Rh1 Qg6 $1 28. Qh3 {[%csl Gh1][%cal Rh3h8]} f6 29. Rde1 $40 {[%mdl 128] White attacks.} c6 (29... Kf7 {seems wilder.} 30. Bc1 c6 31. Nh4 Qe4+ 32. Kh2 Qh7) 30. Qh5 (30. Bc1 {with more complications.} Qh7 31. Nh4 Qe4+ 32. Kh2 Qh7 33. Kg1) 30... Qxh5 31. Rxh5 Kf7 32. Rhh1 Ne6 33. Rd1 Nc8 34. c4 dxc4 35. bxc4 Bf8 36. Bc3 Nd6 (36... b5 $14) 37. Ba5 $16 Rd7 (37... Rb8 $16) 38. Ne5+ fxe5 39. dxe5 Nc5 40. exd6 Nxa4 41. Rh5 (41. Bc7 $11) 41... Rxd6 $15 42. Rf5+ Rf6 {Hoping for ...Rxf5.} 43. Bd8 (43. Rh5 $17) 43... Rxf5 $19 44. Nxf5 Nc5 (44... Nb2 $19 45. Rb1 Rxd8 46. Rxb2 Rd7) 45. Bb6 Ne4 46. g4 g6 47. Nh4 $2 {[#]} (47. Ng3 $17 {keeps fighting.}) 47... Bc5 $1 {[%cal Rc5b6]} 48. Bxc5 Nxc5 {[%mdl 4096] Endgame KRN-KRN} 49. Nf3 a5 {[%cal Ba6a5,Ba5a4,Ba4a3][%mdl 32]} 50. Rd6 a4 51. Ng5+ Ke7 52. Rd2 a3 53. Re2+ Kd7 54. Ra2 Ra8 55. Nf3 b5 56. cxb5 cxb5 57. Nd4 b4 58. Nc2 Nd3 59. Kf3 Ne5+ 60. Ke4 b3 61. Rxa3 bxc2 {Black mates.} 62. Rxa8 c1=Q 63. Kxe5 {KQ-KR} Qg5+ 64. Ke4 Qxg4+ 65. Ke3 Qe6+ 66. Kf4 Qf5+ 67. Kg3 Qg5+ 68. Kh3 Qg1 69. Rf8 Ke6 70. Rf4 Ke5 71. Rf8 Ke4 72. Rf7 Kd3 73. Rf3+ Ke2 74. Rf8 Qg5 75. Rf7 Kf1 76. Rf3 Qg2+ {Precision: White = 31%, Black = 54%.} 0-1

[Event "17th Caspian Cup-Masters 2019"]
[Site "Anzali"]
[Date "2019.02.12"]
[Round "1.8"]
[White "Mikaelyan, Arman"]
[Black "Khalili, Saeid"]
[Result "1-0"]
[WhiteElo "2465"]
[BlackElo "2116"]
[Annotator "TA"]
[PlyCount "73"]
[EventDate "2019.02.12"]
[EventType "swiss"]
[EventRounds "9"]
[EventCountry "IRI"]
[SourceTitle "playchess.com"]
[Source "ChessBase"]
[SourceQuality "1"]

{[%evp 14,73,17,34,54,53,71,42,48,30,36,0,89,88,121,121,111,101,126,40,95,83,72,54,79,64,73,0,0,0,0,-92,298,304,379,399,390,407,393,387,494,495,487,480,655,562,547,480,1103,681,6009,5831,5995,5900,5485,1805,1407,1360,29994,29995,29995,29996]} 1. d4 d5 2. Nf3 Nf6 3. c4 c6 4. Nc3 e6 5. g3 Bd6 6. Bg2 O-O 7. O-O Nbd7 8. Nd2 h6 {E01: Catalan: Early deviations} 9. e4 dxe4 10. Ndxe4 Bc7 {White is slightly better.} 11. Re1 Nxe4 12. Nxe4 Nb6 $146 (12... e5 $1 $11) ({Predecessor:} 12... f5 13. Nc3 f4 14. b3 e5 15. Ba3 exd4 16. Be7 Qe8 17. Bxf8 Qxf8 18. Qxd4 fxg3 19. hxg3 Nf6 20. Ne4 Ng4 21. Rad1 Qf5 22. c5 Be6 23. Nd6 {1-0 (23) Short,N (2690)-Sanchez Castillo,S (2212) Caleta 2013}) 13. b3 $16 e5 14. Bb2 f5 15. Nc5 e4 16. a4 (16. f3 $16) 16... a5 ({Black should try} 16... Qf6 $1 $14) 17. Qd2 Bd6 {aiming for ...Bxc5.} 18. Rad1 $36 {[%mdl 2048] White is pushing.} Qf6 19. Bc3 Rd8 20. d5 (20. Qc2 $16) 20... Qf8 $1 $11 21. dxc6 bxc6 {Strongly threatening ...Be7.} 22. Qe3 (22. Qd4 $11 {keeps the balance.}) 22... f4 $2 {[%mdl 8192]} (22... Nd5 $1 $17 {[%cal Rd5e3]} 23. cxd5 Bxc5) 23. gxf4 $18 ({Don't take} 23. Qxe4 fxg3 24. hxg3 Bf5 $18) 23... Bg4 {[#]} 24. Rxd6 $1 {[%mdl 512]} Rxd6 25. Nxe4 {[%mdl 64] Discovered Attack} Rg6 26. Qxb6 Rb8 27. Qe3 Rxb3 28. Kh1 Qa3 29. Qd2 Bf5 30. Qd8+ Kh7 {[#]} (30... Qf8 $142 31. Qxa5 Kh7) 31. Nf6+ $1 gxf6 (31... Rxf6 32. Bxf6) 32. Bxf6 {[%csl Gf6][%cal Rd8h8]} Rxg2 33. Kxg2 Bh3+ 34. Kg1 (34. Kh1 $142 Rb1 35. Qh8+ Kg6 36. Qe8+ Kxf6 37. Qxc6+ Kf7 38. Rxb1) 34... Rb7 35. Bd4 {White wants to mate with Qh8+.} Qb4 36. Qh8+ Kg6 37. Qg8+ {Accuracy: White = 56%, Black = 29%.} 1-0